Apollo's 3000 quotations (Record no. 3243)

MARC details
000 -LEADER
fixed length control field 00635 a2200205 4500
010 ## - LIBRARY OF CONGRESS CONTROL NUMBER
LC control number ENG-85632
020 ## - INTERNATIONAL STANDARD BOOK NUMBER
Terms of availability 50.00 (approx)
035 ## - SYSTEM CONTROL NUMBER
System control number EN-69165
037 ## - SOURCE OF ACQUISITION
Source of stock number/acquisition D.B.Act / Pub
082 14 - DEWEY DECIMAL CLASSIFICATION NUMBER
Classification number 808.882
090 ## - LOCALLY ASSIGNED LC-TYPE CALL NUMBER (OCLC); LOCAL CALL NUMBER (OCLC)
-- 3307
-- 3307
245 1# - TITLE STATEMENT
Title Apollo's 3000 quotations
246 ## - VARYING FORM OF TITLE
Title proper/short title 3000 quotations
260 ## - PUBLICATION, DISTRIBUTION, ETC. (IMPRINT)
Place of publication, distribution, etc Chennai
Name of publisher, distributor, etc V. V. Rajan
Date of publication, distribution, etc 2004
270 ## - ADDRESS
Address 4, Ramakrishnapuram, Villivakkam
City Chennai
State or province Tamil Nadu
Postal code 600049
Telephone number 26186848, 26186888
300 ## - PHYSICAL DESCRIPTION
Extent 144 p.
Dimensions 22 cm. (Pbk)
650 ## - SUBJECT ADDED ENTRY--TOPICAL TERM
Topical term or geographic name as entry element Quotations
942 ## - ADDED ENTRY ELEMENTS (KOHA)
Institution code [OBSOLETE] dpl
Koha item type English Books
Call number prefix 808.882 / APO
Holdings
Withdrawn status Lost status Source of classification or shelving scheme Damaged status Not for loan Home library Current library Source of acquisition Cost, normal purchase price Total Checkouts Full call number Barcode Date last seen Copy number Uniform Resource Identifier Cost, replacement price Price effective from Koha item type
    Dewey Decimal Classification     D.B.Act.Division D.B.Act.Division DBAD/PUB 50.00   808.882 APO EN-69165 15/09/2008 1 3451 50.00 15/09/2008 English Books

© Delhi Public Library
Hit Counter
free hit counter